00850nam a22001457a 450000100060000000300060000600500170001200800410002904000290007008200100009910000340010924500640014330000610020752004360026810105FISKH20260408160528.0260408b cb ||||| |||| 00| 0 eng d aFISKHbchicFISKHdFISKH a895.1 a【法】亚历克斯·固索 a 小龙查理去上学 /cBy 【法】亚历克斯·固索 a46 unnumbered pages : bcolor illustrations ; c38 cm .  a《小龙查理去上学》讲述了一只可爱的小龙查理第一次去上学的故事。查理既兴奋又有些紧张,在学校里他遇到了新老师和同学,也经历了一些小挑战。通过一天的学习与互动,他逐渐适应了校园生活,学会了与他人相处,并勇敢面对陌生环境。 这本绘本通过温暖有趣的故事,帮助孩子缓解入学焦虑,培养勇气和社交能力。